Praktický sprievodca kolonoskopie psov a mačiek

Bibliographic Details
Main Author: Sturgess, Kit (Author)
Other Authors: Beňová, Slávka (Translator), Greguš, Milan (Translator)
Format: Article
Language:Slovak
PhysicalDescription:Obr.
ISSN:1335-0099
Subjects:

MARC

LEADER 00000nab a2200000 a 4500
001 vtls000885849
003 SK-MaSNL
005 20260304110413.0
008 250429c2004 xo 0 slo
015 |a SNBRB2004/09-27541 
035 |a CLN000237287 
035 |a urn:nbn:sk:snk-abte8 
035 |a (urnnbn)urn:nbn:sk:snk:ar-a03soe 
035 |a (uuid)82262c50-cb3b-4554-a9b3-b993eebe59a3 
040 |a SNKBUCL  |b slo  |c SNKBUCL  |e AACR2 
041 0 |a slo 
044 |a xo  |c SK 
080 |a 619:616.348-072.1  |2 1997 
080 |a 636.8:619  |2 1997 
080 |a 636.7:619  |2 1997 
100 1 |a Sturgess, Kit  |4 aut  |9 1408854 
245 1 0 |a Praktický sprievodca kolonoskopie psov a mačiek  |c Kit Sturgess ; preklad a úprava Milan Greguš, Slávka Beňová 
300 |b Obr. 
650 0 7 |a kolonoskopia  |2 snkbucl  |9 18641 
650 0 7 |a mačky  |2 snkbucl  |9 2793 
650 0 7 |a psy  |2 snkbucl  |9 1288 
655 7 |a články z novín a časopisov  |2 snkbucl  |9 267496 
700 1 |a Beňová, Slávka  |4 trl  |9 1027209 
700 1 |a Greguš, Milan  |4 trl  |9 718393 
773 0 |t Slovenský veterinársky časopis  |g Roč. 29, č. 3 (2004), s. 54-56  |x 1335-0099 
850 |a Slovenská národná knižnica 
852 |a Slovenská národná knižnica 
954 |a odborná, vedecká literatúra cudzojazyčná (svetová)  |2 lita 
958 |a article27 
958 |a OND 
958 |a EUIPO 
992 |a RBX 
999 |c 2859818  |d 2861748